Palacio de Linares (Record no. 92025)
[ view plain ]
| 000 -LEADER | |
|---|---|
| campo de control de longitud fija | 00659nam a2200205 i 4500 |
| 001 - NÚMERO DE CONTROL | |
| campo de control | 92025 |
| 003 - IDENTIFICADOR DE NÚMERO DE CONTROL | |
| campo de control | ES-MaACL |
| 005 - FECHA Y HORA DE LA ÚLTIMA TRANSACCIÓN | |
| campo de control | 20230906180900.0 |
| 007 - CAMPO FIJO DE DESCRIPCIÓN FÍSICA--INFORMACIÓN GENERAL | |
| campo de control de longitud fija | t| |
| 008 - DATOS DE LONGITUD FIJA--INFORMACIÓN GENERAL | |
| campo de control de longitud fija | 050317s1993 sp ||||1| spa d |
| 020 ## - NÚMERO INTERNACIONAL ESTÁNDAR DEL LIBRO | |
| Número Internacional Estándar del Libro | 84-7895-019-2 |
| 080 ## - NÚMERO DE LA CLASIFICACIÓN DECIMAL UNIVERSAL | |
| Número de la Clasificación Decimal Universal | 728.82(460.27 M.) |
| 245 00 - MENCIÓN DEL TÍTULO | |
| Título | Palacio de Linares |
| Resto del título | : guía oficial / |
| Mención de responsabilidad, etc. | texto, Dpto. Editorial de Ollero & Ramos. |
| 260 ## - PUBLICACIÓN, DISTRIBUCIÓN, ETC. | |
| Lugar de publicación, distribución, etc. | [Madrid] : |
| Nombre del editor, distribuidor, etc. | Casa de América : |
| -- | Ollero & Ramos, |
| Fecha de publicación, distribución, etc. | [1993] |
| 300 ## - DESCRIPCIÓN FÍSICA | |
| Extensión | 114 p. : |
| Otras características físicas | il. col. ; |
| Dimensiones | 20 cm. |
| 610 27 - PUNTO DE ACCESO ADICIONAL DE MATERIA--NOMBRE DE ENTIDAD CORPORATIVA | |
| Nombre de entidad corporativa o nombre de jurisdicción como elemento de entrada | Palacio de Linares. |
| 9 (RLIN) | 6093 |
| 710 2# - ENTRADA AGREGADA--NOMBRE DE ENTIDAD CORPORATIVA | |
| Nombre de entidad corporativa o nombre de jurisdicción como elemento de entrada | Casa de América (Madrid) |
| 9 (RLIN) | 2460 |
| 710 2# - ENTRADA AGREGADA--NOMBRE DE ENTIDAD CORPORATIVA | |
| Nombre de entidad corporativa o nombre de jurisdicción como elemento de entrada | Ollero & Ramos, Editores. |
| 9 (RLIN) | 6030 |
| 852 ## - LOCALIZACIÓN | |
| Ubicación | ES-MaACL |
| Número de control de estantería | E-10849 |
| Sublocalización o colección | R.135679 |
| Estatus retirado | Estado de pérdida | Estado de daño | No para préstamo | Biblioteca de origen | Biblioteca actual | Ubicación en estantería | Fecha de adquisición | Fuente de adquisición | Total de préstamos | Signatura topográfica completa | Código de barras | Visto por última vez | Precio de reemplazo | Tipo de ítem Koha |
|---|---|---|---|---|---|---|---|---|---|---|---|---|---|---|
| Biblioteca del Ateneo de Madrid | Biblioteca del Ateneo de Madrid | Depósito 2 | 17/01/2008 | E-10849 | 1096085 | 23/02/2023 | 23/02/2023 | Libro impreso |
